| Tag |
First Indicator |
Second Indicator |
Subfields |
| LEADER |
00000cam a2200000 4500 |
| 001 |
in00000047060 |
| 005 |
20151007065415.0 |
| 008 |
720906s1921 nyu b 00000 eng u |
| 010 |
|
|
|a 21014644
|
| 035 |
|
|
|a (OCoLC)00400188
|
| 035 |
|
|
|9 AAE1929AM
|
| 040 |
|
|
|c OUN
|d TXA
|d UtOrBLW
|
| 049 |
|
|
|a TXAM
|c [91501]
|
| 050 |
|
0 |
|a GN575
|b .G75 1921
|
| 092 |
|
|
|a 572
|b G762p4
|
| 100 |
1 |
|
|a Grant, Madison,
|d 1865-1937.
|
| 245 |
1 |
4 |
|a The passing of the great race ;
|b or, The racial basis of European history /
|c by Madison Grant ...
|
| 250 |
|
|
|a 4th rev. ed.
|b with a documentary supplement, with prefaces by Henry Fairfield Osborn ...
|
| 264 |
|
1 |
|a New York :
|b C. Scribner's sons,
|c 1921.
|
| 300 |
|
|
|a xxxiii, 476 pages :
|b folded maps, folded tables. ;
|c 23 cm.
|
| 336 |
|
|
|a text
|b txt
|2 rdacontent
|
| 337 |
|
|
|a unmediated
|b n
|2 rdamedia
|
| 338 |
|
|
|a volume
|b nc
|2 rdacarrier
|
| 504 |
|
|
|a Bibliography: pages [415]-441.
|
| 650 |
|
0 |
|a Ethnology
|z Europe.
|
| 700 |
1 |
|
|a Osborn, Henry Fairfield,
|d 1857-1935.
|
| 999 |
|
|
|a MARS
|
| 999 |
f |
f |
|s 0c1ce69d-a41e-3ed9-8ff1-87f7465b6551
|i ed59a59a-38f8-354e-8cee-e11b02f75c1d
|t 0
|
| 952 |
f |
f |
|p normal
|a Texas A&M University
|b College Station
|c Sterling C. Evans Library
|d Evans: Library Stacks
|t 0
|e GN575 .G75 1921
|h Library of Congress classification
|i unmediated -- volume
|m A14800967283
|
| 998 |
f |
f |
|a GN575 .G75 1921
|t 0
|l Evans: Library Stacks
|